[Event "ESP-ch 88th"]
[Site "Marbella"]
[Date "2023.10.20"]
[Round "8"]
[White "Villar Piriz, Adrian"]
[Black "Revilla Rio, Francisco"]
[Result "0-1"]
[WhiteElo "2105"]
[BlackElo "1961"]
[PlyCount "86"]
[EventDate "2023.10.13"]
[EventType "swiss"]
[EventRounds "9"]
[EventCountry "ESP"]
[SourceTitle "Mega2024 Update 01"]
[Source "Chessbase"]
[SourceDate "2023.11.12"]
[SourceVersion "1"]
[SourceVersionDate "2023.11.12"]
[SourceQuality "1"]

1. e4 e5 2. Nf3 d6 3. d4 Nd7 4. Bc4 c6 5. a4 Be7 6. 0-0 Ngf6 7. Re1 0-0 8. Nbd2 exd4 9. Nxd4 d5 10. exd5 cxd5 11. Bf1 Nc5 12. N2f3 Nce4 13. Bf4 Bc5 14. c3 Ng4 15. Re2 Qf6 16. Bg3 Nxg3 17. fxg3 Bd7 18. h3 Nh6 19. g4 Qd6 20. Qc2 Rae8 21. b4 Bb6 22. a5 Bxd4+ 23. Nxd4 Qg3 24. Rd1 Rxe2 25. Bxe2 f5 26. Qb3 Qd6 27. g5 Nf7 28. Bf3 Bc6 29. b5 Nxg5 30. bxc6 bxc6 31. h4 Ne4 32. c4 Rb8 33. Qc2 Qf4 34. Bxe4 fxe4 35. Nxc6 Re8 36. cxd5 e3 37. Qe2 Qd6 38. Rd3 Qc5 39. a6 h6 40. Qh5 e2+ 41. Kh2 e1Q 42. Rg3 Qcg1+ 43. Kh3 Qh1+ 0-1

[Event "ESP-ch 88th"]
[Site "Marbella"]
[Date "2023.10.14"]
[Round "2"]
[White "Revilla Rio, Francisco"]
[Black "Cuenca Jimenez, Jose Fernando"]
[Result "0-1"]
[WhiteElo "1961"]
[BlackElo "2494"]
[PlyCount "84"]
[EventDate "2023.10.13"]
[EventType "swiss"]
[EventRounds "9"]
[EventCountry "ESP"]
[SourceTitle "Mega2024 Update 01"]
[Source "Chessbase"]
[SourceDate "2023.11.12"]
[SourceVersion "1"]
[SourceVersionDate "2023.11.12"]
[SourceQuality "1"]

1. b3 d5 2. Bb2 Bf5 3. Nf3 e6 4. e3 Nf6 5. c4 c6 6. Nc3 Nbd7 7. Nh4 Bg4 8. Be2 Bxe2 9. Nxe2 Bd6 10. 0-0 g5 11. Nf3 Rg8 12. cxd5 Nxd5 13. g3 g4 14. Nh4 Qe7 15. Rc1 0-0-0 16. Nd4 Ne5 17. Nb5 Nd3 18. Nxd6+ Qxd6 19. Rb1 f5 20. Qe2 N5b4 21. Bf6 Rd7 22. a3 Nc2 23. Bd4 Ne5 24. Bc3 Nxa3 25. Rbc1 Ng6 26. Ng2 Qd3 27. Qd1 Nb5 28. Bb4 Ne5 29. Ne1 Qe4 30. Bc3 Nf3+ 31. Nxf3 gxf3 32. d4 Rg6 33. h3 Rh6 34. Qc2 Rxh3 35. Qxe4 fxe4 36. Bb4 Rf7 37. Rfd1 a5 38. Bc5 Kd7 39. Rc4 Rf5 40. d5 Rfh5 41. dxc6+ Ke8 42. g4 Rh1# 0-1

[Event "ESP-ch 88th"]
[Site "Marbella"]
[Date "2023.10.13"]
[Round "1"]
[White "Rey Martinez, Jaime"]
[Black "Revilla Rio, Francisco"]
[Result "1/2-1/2"]
[WhiteElo "2328"]
[BlackElo "1961"]
[PlyCount "92"]
[EventDate "2023.10.13"]
[EventType "swiss"]
[EventRounds "9"]
[EventCountry "ESP"]
[SourceTitle "Mega2024 Update 01"]
[Source "Chessbase"]
[SourceDate "2023.11.12"]
[SourceVersion "1"]
[SourceVersionDate "2023.11.12"]
[SourceQuality "1"]

1. b3 e5 2. Bb2 Nc6 3. c4 Nf6 4. e3 Be7 5. d3 0-0 6. Nf3 Re8 7. Be2 d5 8. cxd5 Nxd5 9. 0-0 Bf8 10. a3 a5 11. Nbd2 f6 12. Rc1 Kh8 13. Qc2 Nb6 14. Rfd1 Qe7 15. Ne4 Be6 16. Nfd2 Qf7 17. Nc4 Nd5 18. Bf3 Qg6 19. Ncd2 Rad8 20. Be2 Bc8 21. Nc3 Nce7 22. Na4 Nf5 23. Nf1 Nh4 24. Ng3 b6 25. Bh5 Qg5 26. Bxe8 Rxe8 27. Nc3 Nxc3 28. Qxc3 Bb7 29. e4 Bc5 30. b4 axb4 31. axb4 Bd6 32. Ra1 f5 33. Ra7 Bc8 34. exf5 Bxf5 35. Rda1 h5 36. Qc6 Bg6 37. Ra8 Rxa8 38. Rxa8+ Kh7 39. Qc4 Qd2 40. Bc1 Qd1+ 41. Nf1 Bxd3 42. Qg8+ Kg6 43. Qe6+ Kh7 44. Qg8+ Kg6 45. Qe6+ Kh7 46. Qg8+ Kg6 1/2-1/2

[Event "Sestao op 28th"]
[Site "Sestao"]
[Date "2012.10.11"]
[Round "1"]
[White "Revilla Rio, Francisco"]
[Black "Ruiz Anton, Adolfo"]
[Result "1-0"]
[WhiteElo "2123"]
[BlackElo "1693"]
[PlyCount "47"]
[EventDate "2012.10.11"]
[EventType "swiss"]
[EventRounds "6"]
[EventCountry "ESP"]
[SourceTitle "EXT 2015"]
[Source "ChessBase"]
[SourceDate "2014.11.20"]
[SourceVersion "1"]
[SourceVersionDate "2014.11.20"]
[SourceQuality "1"]

1. d4 Nf6 2. Nf3 e6 3. e3 d5 4. Bd3 Be7 5. 0-0 b6 6. b3 Ba6 7. c4 c5 8. Nbd2 Nc6 9. Bb2 Nb4 10. Bb1 Qc7 11. dxc5 Bxc5 12. a3 Nc6 13. b4 Bxb4 14. axb4 Nxb4 15. Rxa6 Nxa6 16. Qa4+ Qd7 17. Qxa6 0-0 18. cxd5 Nxd5 19. Ne5 Qd8 20. Ne4 Qh4 21. Nf3 Qh6 22. Neg5 f5 23. Qb7 Rac8 24. Nxe6 1-0

[Event "ESP-chT CECLUB Div2 Gp1"]
[Site "Padron"]
[Date "2011.08.11"]
[Round "3"]
[White "Varas Gonzalez, Carlos"]
[Black "Revilla Rio, Francisco"]
[Result "1/2-1/2"]
[WhiteElo "2244"]
[BlackElo "2101"]
[PlyCount "136"]
[EventDate "2011.08.10"]
[EventType "team-swiss"]
[EventRounds "6"]
[EventCountry "ESP"]
[SourceTitle "CBM 143 Extra"]
[Source "ChessBase"]
[SourceDate "2011.08.29"]
[SourceVersion "1"]
[SourceVersionDate "2011.08.29"]
[SourceQuality "1"]
[WhiteTeam "Bilbao Haitzak"]
[BlackTeam "Regatas"]
[WhiteTeamCountry "ESP"]
[BlackTeamCountry "ESP"]

1. e4 e5 2. Nf3 Nc6 3. Bb5 Nf6 4. 0-0 Nxe4 5. d4 Nd6 6. dxe5 Nxb5 7. a4 d6 8. axb5 Nxe5 9. Nd4 Be7 10. f4 Ng4 11. Ra3 d5 12. Rg3 h5 13. h3 Nf6 14. Nc3 Ne4 15. Nxe4 dxe4 16. f5 Bf6 17. c3 Qd5 18. Bg5 Be5 19. Bf4 Bd7 20. Bxe5 Qxe5 21. Re3 0-0-0 22. Qe2 Rde8 23. Ra1 Kb8 24. Qf2 Rh6 25. Rae1 Qd5 26. Qg3 Bxf5 27. Qg5 Rf6 28. Qxh5 c5 29. bxc6 bxc6 30. b4 Bg6 31. Qe2 Re7 32. Ra1 Bf5 33. Ra5 Qd7 34. Qh5 Bg6 35. Qh8+ Kb7 36. Qxg7 Rd6 37. Re5 Rd5 38. Rxd5 Qxd5 39. Qf6 Qe5 40. Qxc6+ Kb8 41. Qb5+ Qxb5 42. Nxb5 f5 43. g3 Kb7 44. Kf2 Kc6 45. Nd4+ Kd5 46. Ke1 a5 47. bxa5 Ra7 48. Ne2 Bf7 49. c4+ Kxc4 50. Ra3 Kb4 51. Ra1 Rxa5 52. Rxa5 Kxa5 53. Nd4 Bg6 54. Kd2 Kb4 55. Nc6+ Kc5 56. Ne5 Bh5 57. Ke3 Kd5 58. Nd7 Ke6 59. Nc5+ Ke5 60. Na4 Be8 61. Nc3 Bh5 62. Nb5 Be8 63. Nd4 Bh5 64. Nc2 Bf3 65. Ne1 Bh5 66. Ng2 Bf7 67. Nf4 Be8 68. h4 Bf7 1/2-1/2

[Event "ESP-ch 74th"]
[Site "Palma de Mallorca"]
[Date "2009.09.29"]
[Round "4"]
[White "Barcelo Pujadas, Pedro Jose"]
[Black "Revilla Rio, Francisco"]
[Result "1/2-1/2"]
[WhiteElo "2249"]
[BlackElo "2094"]
[PlyCount "98"]
[EventDate "2009.09.26"]
[EventType "swiss"]
[EventRounds "9"]
[EventCountry "ESP"]
[SourceTitle "CBM 132 Extra"]
[Source "ChessBase"]
[SourceDate "2009.11.03"]
[SourceVersion "1"]
[SourceVersionDate "2009.11.03"]
[SourceQuality "1"]

1. d4 d5 2. Nf3 c6 3. g3 Bf5 4. Bg2 Nf6 5. 0-0 e6 6. c4 Bd6 7. Qb3 b6 8. Nc3 0-0 9. Nh4 Bg4 10. h3 Bh5 11. cxd5 Nxd5 12. e4 Nxc3 13. bxc3 Be7 14. Nf3 Nd7 15. Be3 Rc8 16. g4 Bg6 17. Nd2 Kh8 18. f4 f6 19. Rae1 c5 20. d5 exd5 21. exd5 Bd3 22. Rf2 c4 23. Qd1 f5 24. g5 Nc5 25. Bd4 Kg8 26. Qh5 Bd6 27. Be5 Qe8 28. g6 hxg6 29. Qh4 Be7 30. Qg3 Qf7 31. Bf3 Rcd8 32. Rg2 Bf6 33. Kh2 Ne4 34. Bxe4 fxe4 35. Nxe4 Bxe4 36. Rxe4 Rxd5 37. Bxf6 Qxf6 38. Rxc4 Rf5 39. Qxg6 Qxg6 40. Rxg6 Rxf4 41. Rc7 R8f7 42. Rc8+ Kh7 43. Rg2 Rf3 44. Rc4 Rd7 45. a4 Rdd3 46. Rc7 Rxh3+ 47. Kg1 Rhg3 48. Rxg3 Rxg3+ 49. Kf2 Rg4 1/2-1/2